BSOP header

人的本性与命运 / (Record no. 38425)

MARC details
000 -LEADER
fixed length control field 00931cam a2200313 u 4500
001 - CONTROL NUMBER
control field 000351626
005 - DATE AND TIME OF LATEST TRANSACTION
control field 20170313082422.0
008 - FIXED-LENGTH DATA ELEMENTS--GENERAL INFORMATION
fixed length control field 111214s2009 cc a frb 000 0 chi d
020 ## - INTERNATIONAL STANDARD BOOK NUMBER
International Standard Book Number 9787802544437 (平裝)
Terms of availability 人民幣75元
040 ## - CATALOGING SOURCE
Original cataloging agency SHU
Language of cataloging chi
Transcribing agency SHU
Modifying agency SHU
041 1# - LANGUAGE CODE
Language code of text/sound track or separate title chi
Language code of original and/or intermediate translations of text eng
042 ## - AUTHENTICATION CODE
Authentication code nbic
044 ## - COUNTRY OF PUBLISHING/PRODUCING ENTITY CODE
MARC country code cc
050 ## - LIBRARY OF CONGRESS CALL NUMBER
Classification number BT701
100 1# - MAIN ENTRY--PERSONAL NAME
Personal name 尼布爾,賴荷特
Fuller form of name (Neibuhr, Reinhold)
245 10 - TITLE STATEMENT
Title 人的本性与命运 /
Statement of responsibility, etc [美]尼布尔(Reinhold Neibuhr)著;汤清,杨懋春,汤毅仁译
246 33 - VARYING FORM OF TITLE
Title proper/short title 人的本性與命運
250 ## - EDITION STATEMENT
Edition statement 第1版
260 ## - PUBLICATION, DISTRIBUTION, ETC. (IMPRINT)
Place of publication, distribution, etc 北京市 :
Name of publisher, distributor, etc 宗教文化出版社,
Date of publication, distribution, etc 2011
300 ## - PHYSICAL DESCRIPTION
Extent [10],408面 :
Other physical details 圖 ;
Dimensions 24公分
440 #0 - SERIES STATEMENT/ADDED ENTRY--TITLE
Title 基督教歷代名著集成系列
500 ## - GENERAL NOTE
General note 簡體字版
650 #7 - SUBJECT ADDED ENTRY--TOPICAL TERM
Source of heading or term csht
Topical term or geographic name as entry element 神學
700 1# - ADDED ENTRY--PERSONAL NAME
Personal name 湯清
700 1# - ADDED ENTRY--PERSONAL NAME
Personal name 楊懋春
700 1# - ADDED ENTRY--PERSONAL NAME
Personal name 湯毅仁
765 1# - ORIGINAL LANGUAGE ENTRY
Main entry heading The nature and destiny of man
Display text 譯自
942 ## - ADDED ENTRY ELEMENTS (KOHA)
Source of classification or shelving scheme Library of Congress Classification
Item type Books
Koha issues (borrowed), all copies 3
Holdings
Withdrawn status Lost status Source of classification or shelving scheme Damaged status Not for loan Home library Current library Date acquired Accession number Total Checkouts Full call number Barcode Date last seen Date last borrowed Price effective from Koha item type
    Library of Congress Classification     BSOP Library BSOP Library 06/30/2015 C-13404 3 CH BT 701 N33 00045554 11/15/2021 03/13/2017 06/30/2015 Books
BSOP

Biblical Seminary of the Philippines
  All rights Reserved
  © 2024

CONTACT INFORMATION

Biblical Seminary of the Philippines,
  77-B Karuhatan Road, Valenzuela City,
  PHILIPPINES 1441
  Phone: +632 8292-6795 / 8292-6798
  Fax : +632 8292-6675
  Email: library@bsop.edu.ph